Sports Quiz

Random Sports or Baseball Quiz

American League WAR Top Ten, 1931-1960 Quiz Stats

 Plays Quiz not verified by Sporcle

Support Sporcle.
Go Orange.
Score 0/300 Timer 20:00
0 Plays Today
Year Player % Correct
1931Lou Gehrig (8.8)
100%
1932Lou Gehrig (8.2)
100%
1933Lou Gehrig (7.1)
100%
1934Lou Gehrig (10.2)
100%
1935Lou Gehrig (8.7)
100%
1936Lou Gehrig (9.7)
100%
1937Lou Gehrig (8.3)
100%
1932Jimmie Foxx (10.4)
98.3%
1933Jimmie Foxx (9.0)
98.3%
1934Jimmie Foxx (8.6)
98.3%
1935Jimmie Foxx (8.1)
98.3%
1937Joe DiMaggio (8.3)
98.3%
1938Jimmie Foxx (7.6)
98.3%
1938Joe DiMaggio (5.8)
98.3%
1939Joe DiMaggio (8.4)
98.3%
1939Jimmie Foxx (6.9)
98.3%
1939Ted Williams (6.8)
98.3%
1940Joe DiMaggio (7.3)
98.3%
1940Ted Williams (6.6)
98.3%
1941Ted Williams (10.4)
98.3%
1941Joe DiMaggio (9.4)
98.3%
1942Ted Williams (10.4)
98.3%
1942Joe DiMaggio (6.4)
98.3%
1942Joe DiMaggio (5.3)
98.3%
1946Ted Williams (10.6)
98.3%
1947Ted Williams (9.5)
98.3%
1948Ted Williams (8.3)
98.3%
1948Joe DiMaggio (6.9)
98.3%
1949Ted Williams (9.1)
98.3%
1950Yogi Berra (6.1)
98.3%
1950Joe DiMaggio (5.3)
98.3%
1951Ted Williams (7.1)
98.3%
1951Yogi Berra (5.3)
98.3%
1951Nellie Fox (4.9)
98.3%
1952Yogi Berra (5.8)
98.3%
1953Yogi Berra (4.9)
98.3%
1954Ted Williams (7.5)
98.3%
1954Yogi Berra (5.3)
98.3%
1954Nellie Fox (5.2)
98.3%
1955Ted Williams (6.9)
98.3%
1955Nellie Fox (5.1)
98.3%
1956Yogi Berra (6.2)
98.3%
1956Ted Williams (6.1)
98.3%
1957Ted Williams (9.7)
98.3%
1957Nellie Fox (7.9)
98.3%
1959Nellie Fox (6.1)
98.3%
1931Babe Ruth (10.5)
96.7%
1931Lefty Grove (10.0)
96.7%
1932Lefty Grove (9.2)
96.7%
1932Babe Ruth (8.5)
96.7%
1933Lefty Grove (7.3)
96.7%
1933Babe Ruth (6.2)
96.7%
1935Lefty Grove (8.7)
96.7%
1936Lefty Grove (10.6)
96.7%
1937Lefty Grove (9.2)
96.7%
1939Lefty Grove (6.8)
96.7%
1952Mickey Mantle (6.4)
96.7%
1953Mickey Mantle (5.8)
96.7%
1954Mickey Mantle (6.9)
96.7%
1955Mickey Mantle (9.5)
96.7%
1956Mickey Mantle (11.2)
96.7%
1957Mickey Mantle (11.3)
96.7%
1958Mickey Mantle (8.7)
96.7%
1959Mickey Mantle (6.6)
96.7%
1960Roger Maris (7.5)
96.7%
1960Mickey Mantle (6.4)
96.7%
1934Hank Greenberg (6.3)
95%
1935Hank Greenberg (7.7)
95%
1937Hank Greenberg (7.5)
95%
1938Hank Greenberg (6.7)
95%
1940Hank Greenberg (6.8)
95%
1946Hank Greenberg (6.4)
95%
1939Bob Feller (9.7)
93.3%
1940Bob Feller (9.8)
93.3%
1941Bob Feller (8.2)
93.3%
1946Bob Feller (9.7)
93.3%
1947Bob Feller (5.2)
93.3%
1942Phil Rizzuto (5.8)
91.7%
1950Phil Rizzuto (6.8)
91.7%
1952Phil Rizzuto (5.4)
91.7%
1931Al Simmons (7.5)
90%
1934Lefty Gomez (7.9)
90%
1937Lefty Gomez (9.0)
90%
1955Al Kaline (8.3)
90%
1956Al Kaline (6.5)
90%
1957Al Kaline (5.5)
90%
1958Al Kaline (6.5)
90%
1959Al Kaline (5.9)
90%
1933Charlie Gehringer (7.2)
88.3%
1934Charlie Gehringer (8.9)
88.3%
1935Charlie Gehringer (8.5)
88.3%
1936Charlie Gehringer (7.9)
88.3%
1937Charlie Gehringer (7.7)
88.3%
1940Lou Boudreau (5.8)
88.3%
1943Lou Boudreau (8.1)
88.3%
1944Hal Newhouser (8.4)
88.3%
1944Lou Boudreau (8.1)
88.3%
1945Hal Newhouser (12.1)
88.3%
1946Hal Newhouser (9.5)
88.3%
1947Lou Boudreau (7.2)
88.3%
Year Player % Correct
1947Hal Newhouser (6.3)
88.3%
1948Lou Boudreau (10.3)
88.3%
1948Hal Newhouser (6.7)
88.3%
1949Hal Newhouser (5.7)
88.3%
1960Luis Aparicio (5.6)
88.3%
1932Mickey Cochrane (6.0)
85%
1933Mickey Cochrane (6.2)
85%
1933Luke Appling (5.3)
85%
1935Luke Appling (7.0)
85%
1936Luke Appling (7.2)
85%
1937Luke Appling (6.2)
85%
1941Luke Appling (5.3)
85%
1942Bobby Doerr (5.4)
85%
1943Luke Appling (7.3)
85%
1944Bobby Doerr (6.3)
85%
1946Luke Appling (6.2)
85%
1949Bobby Doerr (5.4)
85%
1949Luke Appling (5.1)
85%
1939Bob Johnson (6.6)
83.3%
1944Bob Johnson (6.3)
83.3%
1948Bob Lemon (6.4)
83.3%
1949Bob Lemon (7.0)
83.3%
1950Al Rosen (5.8)
83.3%
1951Early Wynn (5.8)
83.3%
1952Al Rosen (6.0)
83.3%
1952Bob Lemon (5.8)
83.3%
1953Al Rosen (10.2)
83.3%
1954Early Wynn (5.5)
83.3%
1955Early Wynn (6.1)
83.3%
1956Early Wynn (8.4)
83.3%
1956Bob Lemon (5.9)
83.3%
1936Bill Dickey (5.9)
80%
1937Bill Dickey (6.7)
80%
1939Joe Gordon (6.3)
80%
1940Joe Gordon (6.1)
80%
1942Joe Gordon (7.7)
80%
1943Joe Gordon (6.4)
80%
1947Joe Gordon (6.6)
80%
1948Joe Gordon (6.5)
80%
1931Joe Cronin (6.9)
78.3%
1932Joe Cronin (6.2)
78.3%
1933Joe Cronin (7.1)
78.3%
1938Joe Cronin (6.1)
78.3%
1950Larry Doby (6.7)
78.3%
1950George Kell (4.9)
78.3%
1951Larry Doby (6.4)
78.3%
1952Larry Doby (7.0)
78.3%
1954Larry Doby (5.7)
78.3%
1932Red Ruffing (7.8)
76.7%
1937Red Ruffing (6.1)
76.7%
1938Red Ruffing (6.0)
76.7%
1942Johnny Pesky (6.1)
73.3%
1946Johnny Pesky (7.1)
73.3%
1958Rocky Colavito (6.0)
73.3%
1959Rocky Colavito (5.4)
73.3%
1951Minnie Minoso (5.4)
71.7%
1954Minnie Minoso (8.2)
71.7%
1956Minnie Minoso (6.2)
71.7%
1957Minnie Minoso (5.4)
71.7%
1958Minnie Minoso (4.9)
71.7%
1959Minnie Minoso (5.5)
71.7%
1960Bill Skowron (4.6)
70%
1931Earl Averill (6.4)
68.3%
1934Earl Averill (6.8)
68.3%
1936Earl Averill (6.9)
68.3%
1938Earl Averill (5.4)
68.3%
1934Hal Trosky (5.7)
65%
1931Goose Goslin (5.8)
61.7%
1957Jim Bunning (7.0)
61.7%
1960Jim Bunning (6.4)
61.7%
1952Billy Pierce (7.4)
60%
1953Billy Pierce (5.6)
60%
1955Billy Pierce (6.9)
60%
1958Billy Pierce (5.1)
60%
1940Charlie Keller (5.6)
58.3%
1941Charlie Keller (6.7)
58.3%
1942Charlie Keller (6.7)
58.3%
1943Charlie Keller (6.6)
58.3%
1946Charlie Keller (6.1)
58.3%
1946Mickey Vernon (5.6)
58.3%
1953Mickey Vernon (5.5)
58.3%
1944Snuffy Stirnweiss (8.6)
55%
1945Snuffy Sitrnweiss (8.8)
55%
1958Jackie Jensen (4.9)
55%
1945Vern Stephens (5.5)
53.3%
1949Vern Stephens (6.9)
53.3%
1943Dizzy Trout (5.4)
51.7%
1944Dizzy Trout (10.9)
51.7%
1946Dizzy Trout (7.9)
51.7%
1953Hank Bauer (5.5)
51.7%
1955Hank Bauer (5.3)
51.7%
1941Tommy Henrich (5.5)
50%
1944Ken Keltner (5.5)
50%
1947Tommy Henrich (5.1)
50%
1948Ken Keltner (6.0)
50%
1948Tommy Henrich (5.5)
50%
1955Herb Score (5.3)
50%
1956Herb Score (7.5)
50%
1952Bobby Shantz (9.4)
48.3%
1959Camilo Pascual (8.6)
48.3%
Year Player % Correct
1931Wes Ferrell (8.0)
46.7%
1932Wes Ferrell (7.2)
46.7%
1935Wes Ferrell (10.6)
46.7%
1936Wes Ferrell (7.7)
46.7%
1943Rudy York (6.0)
46.7%
1954Bobby Avila (7.1)
43.3%
1941Eddie Smith (5.8)
41.7%
1952Mike Garcia (5.3)
41.7%
1955Gil McDougald (5.1)
41.7%
1957Gil McDougald (5.8)
41.7%
1934Bobo Newsom (5.6)
40%
1939Bobo Newsom (7.7)
40%
1939Red Rolfe (6.6)
40%
1940Bobo Newsom (7.3)
40%
1943Spud Chandler (7.3)
40%
1953Eddie Yost (5.2)
40%
1959Eddie Yost (5.4)
40%
1932Mel Harder (5.8)
38.3%
1933Mel Harder (5.4)
38.3%
1934Mel Harder (7.7)
38.3%
1935Mel Harder (7.1)
38.3%
1949Mel Parnell (8.4)
36.7%
1949Virgil Trucks (6.3)
36.7%
1950Mel Parnell (5.7)
36.7%
1951Mel Parnell (5.2)
36.7%
1953Virgil Trucks (6.4)
36.7%
1957Roy Sievers (4.6)
36.7%
1942Hal White (5.3)
35%
1956Frank Lary (6.7)
35%
1958Frank Lary (6.7)
35%
1960Frank Lary (4.5)
35%
1958Bob Cerv (6.4)
31.7%
1959Hoyt Wilhelm (6.8)
31.7%
1949Eddie Joost (7.0)
30%
1951Eddie Joost (6.1)
30%
1936Johnny Allen (6.9)
28.3%
1948Ned Garver (5.6)
26.7%
1950Ned Garver (8.1)
26.7%
1951Ned Garver (6.6)
26.7%
1958Pete Runnels (5.5)
26.7%
1959Pete Runnels (5.3)
26.7%
1960Pete Runnels (4.7)
26.7%
1936Tommy Bridges (6.3)
25%
1937Harlond Clift (6.9)
25%
1938Harlond Clift (6.3)
25%
1943Tommy Bridges (5.1)
25%
1954Chico Carrasquel (5.5)
25%
1960Bill Monbouquette (4.6)
25%
1959Jim Landis (5.7)
23.3%
1934Schoolboy Rowe (6.9)
21.7%
1938Thornton Lee (5.9)
21.7%
1940Schoolboy Rowe (5.6)
21.7%
1941Thornton Lee (9.0)
21.7%
1931George Uhle (6.1)
20%
1938Cecil Travis (5.3)
20%
1941Cecil Travis (6.7)
20%
1953Ray Boone (5.8)
20%
1931Max Bishop (6.0)
18.3%
1935Buddy Myer (6.4)
18.3%
1938Buddy Myer (5.4)
18.3%
1947Eddie Lopat (5.8)
18.3%
1956Charlie Maxwell (5.9)
18.3%
1957Charlie Maxwell (5.2)
18.3%
1939George Selkirk (5.8)
16.7%
1957Frank Sullivan (6.1)
16.7%
1932General Crowder (6.6)
15%
1942Tex Hughson (6.3)
15%
1943Tex Hughson (5.2)
15%
1944Tex Hughson (5.8)
15%
1946Tex Hughson (5.7)
15%
1936Harry Kelley (5.9)
13.3%
1941Jeff Heath (5.3)
11.7%
1950Hoot Evers (4.6)
11.7%
1952Bob Porterfield (5.3)
11.7%
1953Bob Porterfield (5.4)
11.7%
1960Pedro Ramos (4.2)
11.7%
1945Dave Ferriss (5.1)
10%
1947Joe Dobson (4.8)
10%
1943Roy Cullenbine (5.1)
8.3%
1945Roy Cullenbine (5.5)
8.3%
1951Saul Rogovin (5.3)
8.3%
1955Billy Hoeft (5.4)
8.3%
1960Ray Herbert (5.9)
8.3%
1933Bump Hadley (6.9)
6.7%
1944Stan Spence (6.0)
6.7%
1944Nels Potter (5.6)
6.7%
1945Nels Potter (7.8)
6.7%
1945Eddie Lake (7.1)
6.7%
1945Steve Gromek (6.3)
6.7%
1945Eddie Mayo (4.7)
6.7%
1954Steve Gromek (6.0)
6.7%
1935Ivy Andrews (5.9)
5%
1940Johnny Rigney (6.7)
5%
1945Roger Wolff (5.6)
5%
1947Fred Hutchinson (5.2)
5%
1949Cass Michaels (5.3)
5%
1950Art Houtteman (5.7)
1.7%
1958Jack Harshman (5.2)
1.7%
1947Walt Masterson (5.0)
0%
1948Ray Scarborough (5.3)
0%

You're not logged in!

Compare scores with friends on all Sporcle quizzes.
OR
Log In

From the Vault

Movies by Numbers

by Flick

There are only 24 frames per second, you should easily be able to count them all.
Remove Ads.
Support Sporcle.
Get the best of Sporcle when you Go Orange. This ad-free experience offers more features, more stats, and more fun while also helping to support Sporcle. Thank you for becoming a member.

Show Comments

Extras

Top Quizzes Today


Score Distribution

Your Account Isn't Verified!

In order to create a playlist on Sporcle, you need to verify the email address you used during registration. Go to your Sporcle Settings to finish the process.

Report this User

Report this user for behavior that violates our Community Guidelines.

Details: